000 00794nam a2200205 i 4500
001 63047
003 ES-MaACL
005 20230906164757.0
007 t|
008 031128q1949 sp c |||| | spa d
110 2 _aHemeroteca Nacional (
_cEspaña)
_94563
245 1 0 _aÍndice de publicaciones diarias y periódicas españolas /
_cdirección técnica y prólogo de Ramón Fernández Pousa.
260 _aMadrid :
_b[Subsecretaría de Educación Popular. Hemeroteca Nacional,
_c1949?] (
_fPablo López)
300 _a110 p. ;
_c21 cm.
610 2 4 _aHemeroteca Nacional (España)-
_vCatálogos.
_9162896
650 4 _aPublicaciones periódicas-
_zEspaña-
_vBibliografías.
_9140171
700 1 _aFernández Pousa, Ramón
_950010
852 _aES-MaACL
_j1892-F-10
999 _c63047
_d63047